000 00584nam a22001937a 4500
008 150707b xxu||||| |||| 00| 0 alb d
020 _a9789995639099
041 0 _aalb
080 _a007
100 _aJoseph R. Dominick;
245 _aDinamika e komunikimit masiv :
_cJoseph R. Dominick.
260 _aTiranë :
_bUET Press,
_c2010.
300 _a686 f. :
_bme il.;
_c24 cm.
650 0 _aShkenca shoqërore
650 0 _aKomunikimi dixhital
650 0 _aMasmedia
650 0 _aStatika dhe dinamika (Shkenca shoqërore)
942 _2udc
_cBK
999 _c1091
_d1091